Loading...
| Art - Painting/Sculpture | 0 | 6 | 1 | 0 | 55 | 29 | 90.67 | 2 | 4 |
| History - World | 0 | 2 | 0 | 2 | 20 | 117 | 123.00 | 0 | 0 |
| Other Academic/Cross-Category - Any | 0 | 2 | 0 | 1 | 20 | 99 | 121.00 | 0 | 0 |
| Philosophy - Enlightenment | 0 | 2 | 0 | 0 | 20 | 103 | 122.00 | 0 | 0 |
| History - Other | 0 | 2 | 0 | 1 | 20 | 114 | 115.00 | 0 | 0 |
| Mythology - Americas | 0 | 1 | 0 | 1 | 10 | 122 | 122.00 | 0 | 0 |
| Art - Music/Opera | 0 | 1 | 0 | 0 | 10 | 65 | 65.00 | 1 | 1 |
| Art - Other | 0 | 1 | 0 | 0 | 10 | 114 | 114.00 | 0 | 0 |
| Art - Visual | 0 | 1 | 0 | 0 | 10 | 52 | 52.00 | 1 | 1 |
| Literature - British poetry | 0 | 1 | 0 | 0 | 10 | 74 | 74.00 | 0 | 0 |
| Literature - British short fiction | 0 | 1 | 0 | 0 | 10 | 80 | 80.00 | 0 | 0 |
| Philosophy - Pre-20th | 0 | 1 | 0 | 1 | 10 | 146 | 146.00 | 0 | 1 |
| Religion - Islam | 0 | 1 | 0 | 1 | 10 | 149 | 149.00 | 0 | 0 |
| Science - Biology | 0 | 1 | 0 | 1 | 10 | 110 | 110.00 | 0 | 0 |
| Social Science - Anthropology | 0 | 1 | 0 | 1 | 10 | 130 | 130.00 | 0 | 0 |
| Social Science - Linguistics | 0 | 1 | 0 | 1 | 10 | 133 | 133.00 | 0 | 0 |
| Philosophy - 20th century | 0 | 1 | 0 | 0 | 10 | 89 | 89.00 | 0 | 1 |
| Science - Other | 0 | 1 | 1 | 0 | 5 | 86 | 86.00 | 0 | 1 |
| Philosophy - Ancient | 0 | 0 | 0 | 0 | 0 | 0.00 | 0 | 0 | |
| Mythology - Mixed/Any | 0 | 0 | 1 | 0 | -5 | 0.00 | 0 | 0 | |
| Literature - American drama | 0 | 0 | 1 | 0 | -5 | 0.00 | 0 | 0 | |
| Geography - Asia | 0 | 0 | 1 | 0 | -5 | 0.00 | 0 | 0 |